Представление документа в формате MARC21

ПолеНазваниеЗначение
  Тип записи a
  Библиографический уровень m
001 Контрольный номер BIBLIOCLUB\0000493278
005 Дата корректировки 20230117154113.7
006 m o d
007 Элементы данных для физической характеристики c|||||||||||||
008 Кодируемые данные s2016 rus o rus d
020 Индекс ISBN __
a ISBN 978-5-9275-2125-8
041 Код языка издания 0_
a Код языка текста rus
084 Индекс другой классификации/Индекс ББК __
a Индекс другой классификации/Индекс ББК 22.314
b Номер единицы LBC/PL
2 Источник индекса rubbk
084 Индекс другой классификации/Индекс ББК __
a Индекс другой классификации/Индекс ББК 87
b Номер единицы LBC/PL
2 Источник индекса rubbk
100 Автор 1_
a Автор Поликарпов В. С.
245 Заглавие 10
a Заглавие Философские проблемы квантовой теории информации: учебное пособие для аспирантов
b Продолж. заглавия учебное пособие
c Ответственность В. С. Поликарпов, Е. В. Поликарпова, В. А. Поликарпова
c Ответственность Южный федеральный университет
c Ответственность Инженерно-технологическая академия
260 Выходные данные __
a Место издания Таганрог
b Издательство Южный федеральный университет
c Дата издания 2016
300 Физическое описание __
a Объем 192 с.
504 Библиография __
a Библиография Библиогр. в кн
700 Другие авторы _1
a Другие авторы Поликарпова В. А.
700 Другие авторы _1
a Другие авторы Поликарпова Е. В.
856 Электронный адрес документа 40
3 Область применения данных поля Университетская библиотека ONLINE
u URL https://biblioclub.ru/index.php?page=book&id=493278
952 Тип литературы __
c Вид литературы учебное пособие